000 00291 a2200145 4500
001 116083
041 _apor
090 _aPROJETOR EPSON 07
245 1 0 _aProjetor Epson 07
250 _a. ed.
260 _c2018
300 _aMarca Epson
040 _aBR-BrIDEA
_cBR-BrIDEA
942 _cDE
999 _c116083
_d116083